Regionen in England - Statistiken

Allgemein
  • Dieses Quiz wurde 32 mal gespielt
  • Das Durchschnittsergebnis liegt bei 3 aus 9
Antwortstatistiken
Bevölkerung Fläche (km²) Region % Korrekt
8 173 941 1 572 Greater London
93%
5 283 733 15 420 Yorkshire and the Humber
41%
4 533 222 15 627 East Midlands
31%
5 601 847 13 000 West Midlands
31%
5 846 965 19 120 East of England
28%
7 052 177 14 165 North West England
24%
2 596 886 8 592 North East England
21%
5 288 935 23 829 South West England
21%
8 634 750 19 095 South East England
14%
Keine übereinstimmenden Quizze gefunden
Verteilung der Resultate
Anzahl Personen mit jedem Resultat
Perzentil nach korrekt beantworteten Fragen
Ihre Resultats-Entwicklung
Sie haben dieses Quiz noch nicht gespielt